00517cam a22001457a 4500008004000000082001600040245009800056260002800154300001000182650002700192700002200219700002300241999001900264952008800283180718b1967 xxu||||| |||| 00| 0 eng d aP26x73 Sa37 aPupil personnel services: selected readingscedited by Glenn A. Saltzman and Herman J. Peters aNew YorkbPeacockc1967 a519p. aEducational counseling aPeters, Herman J. aSaltzman, Glenn A. c477473d477473 00104070aIIPAbIIPAd2018-08-04oP26x73 Sa37pGR8809r2018-08-04w2018-08-04yGR